| 000 | 00583nam a2200145Ia 4500 | ||
|---|---|---|---|
| 008 | 170221s9999 xx 000 0 und d | ||
| 100 | _aAtyaf Sami Noori | ||
| 245 | 4 | _aThe Conceptual Relation of Electronic Word-of-mouth, Commitment and Trust in Influencing Continuous Usage of Social Commerce | |
| 245 | _cAtyaf Sami Noori, Kamarul Faizal Hashim, Shafiz Affendi Mohd Yusof | ||
| 260 | _bInternational Review of Management and Marketing | ||
| 260 | _cNovember 2012 | ||
| 300 | _a1:2 | ||
| 650 | _xMarketing. | ||
| 856 | _uhttp://www.econjournals.com/index.php/irmm/issue/view/91 | ||
| 999 |
_c310414 _d310414 |
||